東京都内のPA - Statistics

General Stats
  • This quiz has been taken 40 times
  • The average score is 7 of 14
Answer Stats
Answer % Correct
石川
68%
代々木
68%
用賀
55%
大井
52%
辰巳第一
52%
辰巳第二
52%
箱崎
52%
南池袋
48%
永福
45%
加平
42%
志村
42%
平和島
42%
駒形
29%
芝浦
23%
No matching quizzes found
Score Distribution
Percent of People with Each Score
Percentile by Number Answered
Your Score History
You have not taken this quiz